Studi sperimentali sulla distillazione secca dei legni resinosi

Guardado en:
Detalles Bibliográficos
Autor principal: Campari, Giacomo.
Formato: Libro
Lenguaje:italiano
Publicado: Parma Adorni 1884
Catálogo:EDISCO:  Resultados de Búsqueda del Catálogo
Clasificación de libros de texto:
Etiquetas: Agregar Etiqueta
Sin Etiquetas, Sea el primero en etiquetar este registro!
Añadido a:2016-04-30
Cambiado en:2017-10-18

MARC

LEADER 00000aam a22000007 4500
001 02181
003 OSt
005 20171018093507.0
008 160501s1884 it 000 0 ita
040 |c Gianfranco Bandini - Firenze - CLIO 
041 1 |a ita 
100 1 |a Campari, Giacomo. 
245 0 0 |a Studi sperimentali sulla distillazione secca dei legni resinosi 
260 |a Parma  |b Adorni  |c 1884 
300 |a 72, 2 tav., 1/x ;  
901 |a 7 
942 |2 ddc  |c BK 
546 |a ita 
999 |c 2170  |d 2170 
999 |c edisco:2170  |d 2170